| Tag |
First Indicator |
Second Indicator |
Subfields |
| LEADER |
00000cam a2200000Ia 4500 |
| 001 |
in00002017708 |
| 005 |
20151031144828.0 |
| 008 |
780619s1961 ru b 001 0 rusrd |
| 035 |
|
|
|a (OCoLC)ocm03984329
|
| 040 |
|
|
|a IUL
|c IUL
|d OCLCQ
|d IQU
|d TXA
|d UtOrBLW
|
| 043 |
|
|
|a e-ur---
|a e-un---
|
| 049 |
|
|
|a TXAM
|
| 090 |
|
|
|a DK1
|b .M6 vyp. 38
|
| 245 |
0 |
0 |
|a Knigi moskovskoĭ bolʹshoĭ tamozhni- 1693-1694 g.g. :
|b novgorodskai︠a︡, astrakhanskai︠a︡, malorossiĭskai︠a︡.
|
| 246 |
1 |
4 |
|a Knigi moskovskoĭ bolʹshoĭ tamozhni-novgorodskai︠a︡, Aatrakhanskai︠a︡, malorossiĭskai︠a︡ 1693-1694 gg.
|
| 264 |
|
1 |
|a Moskva :
|b Sov. Rossii︠a︡,
|c 1961.
|
| 300 |
|
|
|a 118 pages ;
|c 22 cm.
|
| 336 |
|
|
|a text
|b txt
|2 rdacontent
|
| 337 |
|
|
|a unmediated
|b n
|2 rdamedia
|
| 338 |
|
|
|a volume
|b nc
|2 rdacarrier
|
| 490 |
1 |
|
|a Trudy Gosudarstvennogo istoricheskogo muzei︠a︡ ;
|v vyp. 38
|
| 504 |
|
|
|a Includes bibliographical references and indexes.
|
| 650 |
|
0 |
|a Customs administration
|z Russia.
|
| 650 |
|
0 |
|a Customs administration
|z Ukraine.
|
| 650 |
|
0 |
|a Tariff
|z Russia.
|
| 710 |
2 |
|
|a Gosudarstvennyĭ istoricheskiĭ muzeĭ (Moscow, Russia)
|
| 830 |
|
0 |
|a Trudy Gosudarstvennogo istoricheskogo muzei︠a︡ ;
|v vyp. 38.
|
| 948 |
|
|
|a cataloged
|b h
|c 2004/12/2
|d c
|e spoltoratski
|f 10:48:35 am
|
| 994 |
|
|
|a E0
|b TXA
|
| 999 |
|
|
|a MARS
|
| 999 |
f |
f |
|s 1633a849-ae5e-31b3-b505-1887ae12d734
|i 4d2d600b-037d-3371-acda-1888929f0925
|t 0
|
| 952 |
f |
f |
|p ric
|a Texas A&M University
|b Rellis Campus
|c Joint Library Facility
|d Remote Storage
|t 0
|e DK1 .M6 vyp. 38
|h Library of Congress classification
|i unmediated -- volume
|m A14831595289
|
| 998 |
f |
f |
|a DK1 .M6 vyp. 38
|t 0
|l Remote Storage
|